Reseña de los baños de mar y establecimientos balnearios situados en las provincias del norte de España y del medio día de Francia. (Record no. 190182)

MARC details
000 -LEADER
campo de control de longitud fija 00410nam a2200121 i 4500
001 - NÚMERO DE CONTROL
campo de control 190182
003 - IDENTIFICADOR DE NÚMERO DE CONTROL
campo de control ES-MaACL
005 - FECHA Y HORA DE LA ÚLTIMA TRANSACCIÓN
campo de control 20230906223647.0
008 - DATOS DE LONGITUD FIJA--INFORMACIÓN GENERAL
campo de control de longitud fija 200908s1876 sp |||| | spa d
245 00 - MENCIÓN DEL TÍTULO
Título Reseña de los baños de mar y establecimientos balnearios situados en las provincias del norte de España y del medio día de Francia.
260 ## - PUBLICACIÓN, DISTRIBUCIÓN, ETC.
Lugar de publicación, distribución, etc. Madrid :
Nombre del editor, distribuidor, etc. [s.n.],
Fecha de publicación, distribución, etc. 1876.
852 ## - LOCALIZACIÓN
Ubicación ES-MaACL
Número de control de estantería T-643-F-7
Holdings
Estatus retirado Estado de pérdida Estado de daño No para préstamo Colección Biblioteca de origen Biblioteca actual Ubicación en estantería Fecha de adquisición Fuente de adquisición Total de préstamos Signatura topográfica completa Código de barras Visto por última vez Precio de reemplazo Tipo de ítem Koha
        Colección de folletos Biblioteca del Ateneo de Madrid Biblioteca del Ateneo de Madrid Depósito folletos 13/05/2005     T-643-F-7 1201941 23/02/2023 23/02/2023 Folleto